<?xml version="1.0" encoding="UTF-8"?><?xml-stylesheet type="text/xsl" href="static/style.xsl"?><OAI-PMH xmlns="http://www.openarchives.org/OAI/2.0/" xmlns:xsi="http://www.w3.org/2001/XMLSchema-instance" xsi:schemaLocation="http://www.openarchives.org/OAI/2.0/ http://www.openarchives.org/OAI/2.0/OAI-PMH.xsd"><responseDate>2026-04-13T04:02:02Z</responseDate><request verb="GetRecord" identifier="oai:www.recercat.cat:2072/453943" metadataPrefix="marc">https://recercat.cat/oai/request</request><GetRecord><record><header><identifier>oai:recercat.cat:2072/453943</identifier><datestamp>2026-02-05T20:33:48Z</datestamp><setSpec>com_2072_98</setSpec><setSpec>col_2072_378196</setSpec></header><metadata><record xmlns="http://www.loc.gov/MARC21/slim" xmlns:dcterms="http://purl.org/dc/terms/" xmlns:xsi="http://www.w3.org/2001/XMLSchema-instance" xmlns:doc="http://www.lyncode.com/xoai" xsi:schemaLocation="http://www.loc.gov/MARC21/slim http://www.loc.gov/standards/marcxml/schema/MARC21slim.xsd">
   <leader>00925njm 22002777a 4500</leader>
   <datafield ind2=" " ind1=" " tag="042">
      <subfield code="a">dc</subfield>
   </datafield>
   <datafield ind2=" " ind1=" " tag="720">
      <subfield code="a">Fernández Massi, Mariana</subfield>
      <subfield code="e">author</subfield>
   </datafield>
   <datafield ind2=" " ind1=" " tag="720">
      <subfield code="a">Universidad de Buenos Aires. Facultad de Ciencias Sociales</subfield>
      <subfield code="e">author</subfield>
   </datafield>
   <datafield ind2=" " ind1=" " tag="260">
      <subfield code="c">2014</subfield>
   </datafield>
   <datafield ind2=" " ind1=" " tag="520">
      <subfield code="a">Treball de recerca presentat al seminari de doctorat "Técnicas multivariadas aplicadas al análisis de la realidad social" de la Universidad de Buenos Aires, Facultad de Ciencias Sociales</subfield>
   </datafield>
   <datafield ind2=" " ind1=" " tag="520">
      <subfield code="a">A lo largo de la última década el mercado de trabajo argentino ha evidenciado un importante dinamismo, mejorando los indicadores referidos a la cantidad e incluso a la calidad del empleo. Sin embargo, persiste su carácter heterogéneo ya que es posible identificar distintos segmentos de puestos de empleo que ofrecen condiciones diversas. En este sentido, cobra relevancia la discusión en torno a la segmentación del mercado de trabajo y su origen en las características de las estructuras productivas latinoamericanas. El objetivo de este artículo consiste en definir cuáles son las características más relevantes para el análisis de la calidad del empleo en Argentina, y obtener una tipología de sectores de actividad según las condiciones de empleo ofrecidas. Con este propósito, a partir de datos del año 2010 provenientes de la Encuesta Permanente de Hogares, se realiza un análisis de componentes principales y posteriormente un análisis de clasificación.</subfield>
   </datafield>
   <datafield ind2=" " ind1=" " tag="520">
      <subfield code="a">Over the last decade the Argentinian labour market has shown an important dynamism and it has improved its indicators referring to the number and even the quality of employment. However, its heterogeneity persists. In fact, it is possible to identify different segments of jobs that offer diverse conditions. Thus, it becomes relevant to discuss the segmentation of the labour market and its origin in the Latin American production structures. The aim of this article is to define the most relevant characteristics for the analysis of the quality of employment in Argentina and to get a typology of sectors according to the terms of employment offered. For this purpose, a principal component analysis and then a classification analysis are carried out with data from the 2010 Permanent Household Survey.</subfield>
   </datafield>
   <datafield tag="653" ind2=" " ind1=" ">
      <subfield code="a">Mercado de trabajo</subfield>
   </datafield>
   <datafield tag="653" ind2=" " ind1=" ">
      <subfield code="a">Segmentación</subfield>
   </datafield>
   <datafield tag="653" ind2=" " ind1=" ">
      <subfield code="a">Argentina</subfield>
   </datafield>
   <datafield tag="653" ind2=" " ind1=" ">
      <subfield code="a">Tipología</subfield>
   </datafield>
   <datafield tag="653" ind2=" " ind1=" ">
      <subfield code="a">Labour market</subfield>
   </datafield>
   <datafield tag="653" ind2=" " ind1=" ">
      <subfield code="a">Segmentation</subfield>
   </datafield>
   <datafield tag="653" ind2=" " ind1=" ">
      <subfield code="a">Typology</subfield>
   </datafield>
   <datafield ind2="0" ind1="0" tag="245">
      <subfield code="a">Segmentación del mercado de trabajo y estructura productiva: un análisis del empleo sectorial en Argentina</subfield>
   </datafield>
</record></metadata></record></GetRecord></OAI-PMH>